Understanding Galápagos : what you''ll see and what it means

Сохранить в:
Библиографические подробности
Главный автор:  Moore, Randy
Формат: Sách
Язык:Undetermined
Опубликовано:  McGraw-Hill  2014
Предметы:
Метки: Добавить метку
Нет меток, Требуется 1-ая метка записи!
Thư viện lưu trữ: Trung tâm Thư viện - Trường Đại học Công nghiệp TP. Hồ Chí Minh
LEADER 00526nam a2200157Ia 4500
001 UIH_05382
008 231011s9999 xx 000 0 und d
082 |a  508.8665 
100 |a  Moore, Randy 
245 0 |a  Understanding Galápagos : what you''ll see and what it means 
245 0 |c  Moore, Randy 
260 |b  McGraw-Hill 
260 |c  2014 
650 |a  Natural history; Lịch sử tự nhiên;  
927 |a Sách 
980 |a Trung tâm Thư viện - Trường Đại học Công nghiệp TP. Hồ Chí Minh